000 00620nam a22001817a 4500
999 _c193037
_d193037
005 20221014114955.0
010 _aENG-135408
020 _a9789384782184
_c350.00
035 _aEN-118940
037 _bDBAD/PUB
082 _a954
100 _aPreeti Singh
245 _aTransitiions in Indian Economic Historiography/
_cPreeti Singh
260 _aDelhi
_bDisha International Publishing House
_c2016
270 _aF-7, Gali No. 1, 1st Floor, Panchsheel Garden Ext. Naveen Shahdara
_bDelhi
_e110032
_mdishainternationalpublishing@gmail.com
300 _a155p.
_c22cm(hb)
942 _2ddc
_cEN
_mPRE
_h954